header

Wizards don't wear graduation gowns (Record no. 264889)

MARC details
000 -LEADER
fixed length control field 00258nam a22000977a 4500
020 ## - INTERNATIONAL STANDARD BOOK NUMBER
ISBN 0439368030
100 ## - MAIN ENTRY--AUTHOR NAME
Personal name Debbie Dadey and Marcia Thornton Jones
245 ## - TITLE STATEMENT
Title Wizards don't wear graduation gowns
260 ## - PUBLICATION, DISTRIBUTION, ETC. (IMPRINT)
Place of publication New York
Name of publisher Scholastic
Year of publication 2002.
942 ## - ADDED ENTRY ELEMENTS (KOHA)
Koha item type Long Loan Books
Holdings
Withdrawn status Lost status Collection code Home library Current library Shelving location Date acquired Accession Number Koha item type
    Fiction Rongo University Library Rongo University Library Children's Area 21/05/2025 CLCL20232981 Long Loan Books

© 2026 Rongo University
Contact us: librarian | system librarian | Rongo university